LEADER 01242nam0 22003013i 450 001 RMS2664398 005 20231121125811.0 010 $a9783406667701 100 $a20160712d2014 ||||0itac50 ba 101 | $ager 102 $ade 181 1$6z01$ai $bxxxe 182 1$6z01$an 200 1 $a˜Die œLebenswelt des europäischen Spätmittelalters$eKleine Schicksale selbst erzählt in Schreiben an den Papst$fArnold Esch 210 $aMünchen$cBeck$d2014 215 $a543 p.$cill.$d23 cm. 606 $aMedioevo$xVita sociale$2FIR$3RMLC057518$9I 676 $a909.07$9Storia mondiale. 500 c.a.-1450/1500. Include le crociate. (Classificare qui il Medioevo).$v22 700 1$aEsch$b, Arnold$3CFIV086298$0152057 801 3$aIT$bIT-01$c20160712 850 $aIT-RM0151 $aIT-FR0017 899 $aBiblioteca Istituto Storico Italiano Medio Evo - I$bRM0151 899 $aBiblioteca umanistica Giorgio Aprea$bFR0017 $eN 912 $aRMS2664398 950 0$aBiblioteca umanistica Giorgio Aprea$d 52DGA S 152$e 52SBA0000262215 VMB RS $fA $h20200529$i20200529 977 $a 41$a 52 996 $aLebenswelt des europäischen Spätmittelalters$93635404 997 $aUNICAS